Online
Catalog

The family / (Record no. 1209)

MARC details
000 -CABECERA
campo de control de longitud fija 01060cam a2200289 i 4500
001 - NÚMERO DE CONTROL
campo de control 000001266
005 - FECHA Y HORA DE LA ÚLTIMA TRANSACCIÓN
campo de control 20200929145526.0
008 - DATOS DE LONGITUD FIJA--INFORMACIÓN GENERAL
campo de control de longitud fija 761229s1976 ja 000 1 eng
020 ## - NÚMERO INTERNACIONAL ESTÁNDAR DEL LIBRO
Número Internacional Estándar del Libro 0860081656 :
040 ## - FUENTE DE LA CATALOGACIÓN
Centro catalogador/agencia de origen DO-SdBNP
Centro/agencia transcriptor DLC
Centro/agencia modificador DLC
041 17 - CÓDIGO DE LENGUA
Código de lengua del texto/banda sonora o título independiente eng
Código de lengua del sumario o resumen jpn
Código de lengua original Código de idioma MARC
082 ## - NÚMERO DE LA CLASIFICACIÓN DECIMAL DEWEY
Número de clasificación 895.634
Número de documento/Ítem S556f
100 1# - ENTRADA PRINCIPAL--NOMBRE DE PERSONA
Nombre de persona Shimazaki, Toson,
Fechas asociadas al nombre 1872-1943.
9 (RLIN) 4299
240 10 - TÍTULO UNIFORME
Título uniforme Ie.
Lenguaje de la obra English
245 14 - MENCIÓN DE TÍTULO
Título The family /
Mención de responsabilidad, etc. Toson Shimazaki, traducido por Cecilia Segawa Seigle.
260 ## - PUBLICACIÓN, DISTRIBUCIÓN, ETC.
Lugar de publicación, distribución, etc. Tokyo :
Nombre del editor, distribuidor, etc. University of Tokyo Press,
Fecha de publicación, distribución, etc. 1976.
300 ## - DESCRIPCIÓN FÍSICA
Extensión xxxiii, 311 p. ;
Dimensiones 23 cm.
490 1# - MENCIÓN DE SERIE
Mención de serie UNESCO collection of representative works
490 1# - MENCIÓN DE SERIE
Mención de serie Japanese series
500 ## - NOTA GENERAL
Nota general Etiqueta montado en verso de TP: Distribuidor exclusivo, ISBS, Inc., Forest Grove, Oregon.
534 ## - NOTA SOBRE LA VERSIÓN ORIGINAL
Encabezamiento principal del original Título original:
Mención de título del original Ie
650 #4 - PUNTO DE ACCESO ADICIONAL DE MATERIA--TÉRMINO DE MATERIA
Término de materia o nombre geográfico como elemento de entrada Novela japonesa
9 (RLIN) 4300
650 #4 - PUNTO DE ACCESO ADICIONAL DE MATERIA--TÉRMINO DE MATERIA
Término de materia o nombre geográfico como elemento de entrada Literatura japonesa
9 (RLIN) 4301
700 1# - PUNTO DE ACCESO ADICIONAL--NOMBRE DE PERSONA
Nombre de persona Segawa Seigle, Cecilia,
Término indicativo de función/relación tr.
9 (RLIN) 4302
830 #0 - PUNTO DE ACCESO ADICIONAL DE SERIE-TÍTULO UNIFORME
Título uniforme UNESCO collection of representative works ;
Nombre de parte o sección de la obra Japanese series
9 (RLIN) 4303
910 ## - DATOS DE OPCIÓN DEL USUARIO (OCLC)
Datos de opción del usuario Catalogación por copia / LC
Holdings
Estado de retiro Estado de pérdida Restricciones de uso No para préstamo Código de colección Localización permanente Ubicación/localización actual Ubicación en estantería Fecha de adquisición Fuente de adquisición Número de inventario Total de préstamos Signatura topográfica completa Código de barras Fecha visto por última vez Precio válido a partir de Tipo de ítem Koha
    Préstamo interno   Monografías: Libros y Folletos General General Depósito 01.09.2009 002344 LF1   895.634 S556f 1266-10 25.06.2020 25.06.2020 Préstamo interno

Powered by Koha